Statistics for All Brentford Premier League Players Ever

Click here to take the quiz!

General Stats

  • This quiz has been taken 11 times
  • The average score is 38 of 54

Answer Stats

% Correct
2021/22EnglandIvan Toney33
100%
2022/23EnglandIvan Toney33
100%
2022/23GermanyVitaly Janelt35
100%
2021/22GermanyVitaly Janelt31
100%
2022/23ScotlandAaron Hickey26
90%
2022/23EnglandBen Mee37
90%
2021/22CameroonBryan Mbeumo35
90%
2022/23CameroonBryan Mbeumo38
90%
2021/22DenmarkChristian Norgaard35
90%
2022/23DenmarkChristian Norgaard22
90%
2021/22SpainDavid Raya24
90%
2022/23SpainDavid Raya38
90%
2022/23JamaicaEthan Pinnock30
90%
2021/22JamaicaEthan Pinnock32
90%
2022/23DenmarkMathias Jensen37
90%
2021/22DenmarkMathias Jensen31
90%
2022/23DenmarkMikkel Damsgaard26
90%
2022/23SwedenPontus Jansson12
90%
2021/22SwedenPontus Jansson37
90%
2022/23EnglandRico Henry37
90%
2021/22EnglandRico Henry34
90%
2021/22GhanaTariqe Fosu-Henry1
90%
2022/23DR CongoYoane Wissa38
90%
2021/22DR CongoYoane Wissa30
90%
2021/22IranSaman Ghoddos17
80%
2022/23IranSaman Ghoddos15
80%
2022/23SpainSergi Canos5
80%
2021/22SpainSergi Canos31
80%
2021/22EnglandJosh Dasilva9
70%
2022/23EnglandJosh Dasilva36
70%
2021/22NigeriaFrank Onyeka20
60%
2022/23NigeriaFrank Onyeka21
60%
2022/23TurkeyHalil Dervisoglu1
60%
2022/23GermanyKevin Schade18
60%
2022/23DenmarkMathias Jorgensen18
60%
2021/22DenmarkMathias Jorgensen8
60%
2022/23GrenadaShandon Baptiste23
60%
2021/22GrenadaShandon Baptiste22
60%
2021/22SpainAlvaro Fernandez12
50%
2021/22DenmarkChristian Eriksen11
50%
2022/23EnglandKeane Lewis-Potter10
50%
2021/22NorwayKristoffer Ajer24
50%
2022/23NorwayKristoffer Ajer9
50%
2022/23DenmarkMads Roerslev20
50%
2021/22DenmarkMads Roerslev21
50%
2021/22FinlandMarcus Forss7
50%
2021/22DenmarkJonas Lossl2
40%
2021/22DenmarkMads Bidstrup4
40%
2021/22EnglandCharlie Goode6
30%
2021/22WalesFinley Stevens1
30%
2022/23DenmarkMads Bech Sorensen4
30%
2021/22DenmarkMads Bech Sorensen11
30%
2021/22EnglandNathan Young-Coombes1
20%
2021/22EnglandDominic Thompson2
10%

Score Distribution

Percentile by Number Answered

Percent of People with Each Score

Your Score History

You have not taken this quiz